000 00441nam a2200133Ia 4500
003 GCL
008 140319s9999 xx 000 0 ara d
040 _aGCL /
_cGCL
082 0 4 _a359.07695
_bم د
245 1 0 _aدولة الاسماعيلية فى ايران: بحث فى تطور الدعوة الاسماعيلية الى قيام الدولة
260 _a[S.N] :
_bمؤسسة سجل العرب ،
_c1975
300 _a271 ص
490 _a
999 _c34944
_d34944